| 000 | 00419 a2200169 4500 | ||
|---|---|---|---|
| 001 | 072218 | ||
| 003 | OSt | ||
| 005 | 20210906105729.0 | ||
| 008 | |||
| 082 |
_a650 _bS21F |
||
| 100 | 1 | _aSudha, G.S. | |
| 245 | 1 |
_aFundamentals of business organisation _cby G.S. Sudha |
|
| 260 |
_aJaipur _bMalik & Co. _c2012 |
||
| 300 | _a484p. | ||
| 690 | _aBusiness organization | ||
| 942 |
_2ddc _cBK |
||
| 999 |
_c5455 _d5455 |
||